000
00300nam a2200109Ia 4500
005
20251222154346.0
008
251222s9999||||xx |||||||||||||| ||spa||
082
_a
985.05/V66/Ej.2
100
_a
"Villanueva Urteaga, Horacio"
245
0
_a
Gamarra y la iniciación Republicana en el Cuzco
942
_c
LIB
999
_c
34718
_d
34718